Statistical Methods (Record no. 246761)

MARC details
000 -LEADER
fixed length control field 00286pam a2200145 a 4500
020 ## - INTERNATIONAL STANDARD BOOK NUMBER
Terms of availability
041 ## - LANGUAGE CODE
Language code of original
100 ## - MAIN ENTRY--PERSONAL NAME
Personal name George W. Snedecor
245 ## - TITLE STATEMENT
Title Statistical Methods
260 ## - PUBLICATION, DISTRIBUTION, ETC.
Date of publication, distribution, etc. 1994
300 ## - PHYSICAL DESCRIPTION
Extent 503
653 ## - INDEX TERM--UNCONTROLLED
Uncontrolled term Statistics
700 ## - ADDED ENTRY--PERSONAL NAME
Personal name William G. Cocharan
930 ## - EQUIVALENCE OR CROSS-REFERENCE-UNIFORM TITLE HEADING [LOCAL, CANADA]
Uniform title 908
Holdings
Withdrawn status Lost status Damaged status Not for loan Collection Home library Current library Date acquired Total Checkouts Full call number Barcode Date last seen Date last checked out Copy number Price effective from Koha item type
          Institute of Environment Education & Research, Pune Institute of Environment Education & Research, Pune 19/09/2011 2 EVP-699 02/12/2025 16/10/2025 1 03/04/2023 Book